000
00318 a2200133 4500
001
49159
040
_c
Anchieta - Bela Vista
100
_a
BRITTO, Romero
240
1
0
_a
Where is friendship bear?
_l
Ing
245
1
0
_a
Where is friendship bear?
362
0
_a
2010
650
4
_a
Literatura infantil em inglês
942
_c
BK
999
_c
49159
_d
49159